Guess the Cyclist - Statistics

General Stats
  • This quiz has been taken 21 times
  • The average score is 4 of 16
Answer Stats
Picture Answer % Correct
Elia Viviani
79%
Sylvain Chavanel
58%
Stefan Küng
42%
Tom Dumoulin
37%
Laurens Ten Dam
26%
Nicolas Roche
26%
Samuel Sanchez
21%
Alberto Bettiol
16%
Damiano Caruso
16%
Björn Leukemans
11%
Dries Devenyns
11%
George Bennett
11%
Sacha Modolo
11%
Stijn Devolder
11%
Roger Kluge
5%
Simon Clarke
5%
No matching quizzes found
Score Distribution
Percent of People with Each Score
Percentile by Number Answered
Your Score History
You have not taken this quiz